[Event "IECC KO-1057"]
[Site "IECC email"]
[Date "2006.02.03"]
[Round "?"]
[White "Belej, Juan"]
[Black "Ballueder, Volker"]
[Result "1-0"]
[WhiteElo "1057"]
[BlackElo "1034"]
[PlyCount "83"]
[EventDate "2006.??.??"]
[EventType "match (corr)"]
[EventRounds "2"]
[SourceTitle "Corr 2020"]
[Source "ChessBase"]
[SourceDate "2019.09.30"]
[SourceVersion "1"]
[SourceVersionDate "2019.09.30"]
[SourceQuality "1"]
[WhiteTeam "Argentina"]
[BlackTeam "England"]
[WhiteTeamCountry "ARG"]
[BlackTeamCountry "ENG"]

1. e4 e5 2. Nf3 Nc6 3. Bc4 h6 4. Nc3 Nf6 5. d3 Bb4 6. Bd2 0-0 7. 0-0 d6 8. Nd5 Bxd2 9. Qxd2 Bg4 10. Qe3 a6 11. h3 Bh5 12. Nxf6+ Qxf6 13. Rad1 Bxf3 14. Qxf3 Qxf3 15. gxf3 Nd4 16. f4 Nxc2 17. fxe5 dxe5 18. Rd2 Nd4 19. f4 exf4 20. Rxf4 Rad8 21. a4 c5 22. Bd5 Ne6 23. Rf5 Nd4 24. Rf1 Rd7 25. h4 b5 26. a5 Kh8 27. Rdf2 c4 28. dxc4 bxc4 29. Bxc4 f6 30. h5 Rc7 31. Rc1 Nb3 32. Rcc2 Nxa5 33. Bxa6 Rxc2 34. Rxc2 Re8 35. b4 Nb3 36. Rc8 Rxc8 37. Bxc8 Nd4 38. Bd7 Ne2+ 39. Kh2 Kh7 40. b5 Nc3 41. b6 Nxe4 42. b7 1-0

[Event "IECC KO-1042"]
[Site "IECC email"]
[Date "2004.03.18"]
[Round "?"]
[White "Belej, Juan"]
[Black "Fernandez, Paco"]
[Result "0-1"]
[WhiteElo "1028"]
[BlackElo "1184"]
[PlyCount "89"]
[EventDate "2004.??.??"]
[EventType "match (corr)"]
[EventRounds "2"]
[SourceTitle "Corr 2020"]
[Source "ChessBase"]
[SourceDate "2019.09.30"]
[SourceVersion "1"]
[SourceVersionDate "2019.09.30"]
[SourceQuality "1"]
[WhiteTeam "Argentina"]
[BlackTeam "Spain"]
[WhiteTeamCountry "ARG"]
[BlackTeamCountry "ESP"]

1. e4 e5 2. Nf3 Nc6 3. Bb5 a6 4. Ba4 d6 5. 0-0 Nf6 6. Ng5 Be7 7. Nxf7 Kxf7 8. Bb3+ Be6 9. Bxe6+ Kxe6 10. c3 b5 11. Qb3+ d5 12. d3 Kf7 13. Bg5 Na5 14. Qd1 dxe4 15. Bxf6 Bxf6 16. dxe4 Qxd1 17. Rxd1 Rhd8 18. Nd2 Rd7 19. Nb3 Rxd1+ 20. Rxd1 Nxb3 21. axb3 Rd8 22. Rxd8 Bxd8 23. b4 Bg5 24. b3 Bd2 25. c4 bxc4 26. bxc4 Bxb4 27. Kf1 a5 28. Ke2 Ke6 29. Kd3 a4 30. Kc2 Kd6 31. g3 g5 32. f3 Kc5 33. g4 Kxc4 34. h3 a3 35. Kc1 a2 36. Kb2 Kd3 37. Kxa2 Ke3 38. Kb3 c5 39. Kc4 Kxf3 40. Kd5 Kf4 41. Kc4 Kxe4 42. Kb5 Kf3 43. Kc4 e4 44. Kd5 e3 45. Ke5 0-1